صحابيات حول الرسول صلى الله عليه و سلم / (Record no. 70832)

MARC details
000 -LEADER
fixed length control field 00548nam a22001697a 4500
005 - DATE AND TIME OF LATEST TRANSACTION
control field 20251108172120.0
008 - FIXED-LENGTH DATA ELEMENTS--GENERAL INFORMATION
fixed length control field 250721s2003 xx 000 0 ara d
082 14 - DEWEY DECIMAL CLASSIFICATION NUMBER
Classification number 219.5/مصر
100 1# - MAIN ENTRY--PERSONAL NAME
Personal name المصري، محمود
Relator term مؤلف
245 10 - TITLE STATEMENT
Title صحابيات حول الرسول صلى الله عليه و سلم /
264 1# - PRODUCTION, PUBLICATION, DISTRIBUTION, MANUFACTURE, AND COPYRIGHT NOTICE
Place of production, publication, distribution, manufacture رأس الخيمة :
Name of producer, publisher, distributor, manufacturer دار التقوى للنشر،
Date of production, publication, distribution, manufacture, or copyright notice 2003.
300 ## - PHYSICAL DESCRIPTION
Extent 528 ص.
650 17 - SUBJECT ADDED ENTRY--TOPICAL TERM
Topical term or geographic name as entry element السيرة النبوية
650 17 - SUBJECT ADDED ENTRY--TOPICAL TERM
Topical term or geographic name as entry element النساء المسلمات
942 ## - ADDED ENTRY ELEMENTS (KOHA)
Source of classification or shelving scheme Dewey Decimal Classification
Koha item type References
Holdings
حالة السحب حالة الفقدان مصدر التصنيف حالة التلف غير قابل للإعارة المكتبة الرئيسية المكتبة الحالية موقع الرف تاريخ التزويد الرقم المتسلسل Total Checkouts رقم الإستدعاء الباركود تاريخ آخر ظهور تاريخ الفاتورة نوع المادة (كوها)
    Dewey Decimal Classification     المكتبة المركزية المكتبة المركزية الإعارة 06/07/2004 652846   219.5/مصر 652846 28/07/2025 06/07/2004 References
    Dewey Decimal Classification Unchecked   مكتبة أبو علندا العامة مكتبة أبو علندا العامة الإعارة 06/07/2004 652853   219.5/مصر   28/07/2025 06/07/2004 References
    Dewey Decimal Classification     مكتبة الأميرة ايمان العامة مكتبة الأميرة ايمان العامة الإعارة 06/07/2004 652849   219.5/مصر 652849 28/07/2025 06/07/2004 References
    Dewey Decimal Classification     مكتبة الحسن العامة مكتبة الحسن العامة الإعارة 06/07/2004 652851   219.5/مصر 652851 28/07/2025 06/07/2004 References
    Dewey Decimal Classification   Not For Loan مكتبة حمزة العامة مكتبة حمزة العامة مراجع 06/07/2004 652852   219.5/مصر 652852 28/07/2025 06/07/2004 References
    Dewey Decimal Classification   Not For Loan مكتبة حمزة العامة مكتبة حمزة العامة مراجع 16/05/2015 [652852].   219.5/مصر PLD00324413 28/07/2025 16/05/2015 References
    Dewey Decimal Classification     مكتبة صويلح العامة مكتبة صويلح العامة الإعارة 06/07/2004 652850   219.5/مصر 652850 28/07/2025 06/07/2004 References
Implemented & Customized by: BBB with SCIT (Smart Chains for Information Technology)

Powered by Koha